000 00673nam a2200193 i 4500
001 137427
003 ES-MaACL
005 20250802013013.0
007 t|
008 070214s1957 sp |||| | spa d
100 1 _aSánchez Alegría, Eleuterio.
_9102444
245 1 3 _aEl campo en la poesía
_b: (de Hesiodo a Gabriel y Galán) /
_cEleuterio Sánchez Alegría.
260 _aMadrid :
_bAfrodisio Aguado,
_c1957.
300 _a222 p. ;
_c18 cm.
600 1 4 _aGabriel y Galán, José María,
_d1870-1905-
_xCrítica e interpretación
_953159
650 0 4 _aPoesía-
_xHistoria y crítica.
_9183561
852 _aES-MaACL
_jC-13506
999 _c137427
_d137427